000 00853nam a2200265 a 4500
001 000020053
005 20200929170238.0
008 100717s1967 sp 001 d spa d
040 _aDO-SdBNP
_bspa
_cBNPHU
082 _a862.3
_bC146de, 1967
100 1 _aCalderón de La Barca, Pedro,
_d1600-1681
_95547
245 1 3 _aLa devoción de la cruz /
_cCalderón de la Barca.
250 _a4a ed.
260 _aMadrid :
_bEspasa-Calpe,
_c1967.
300 _a147 p. ;
_c18 cm.
490 1 _aAustral. Gris: clásicos
_v384
500 _aIncluye referencia biográfica del autor en la solapa.
500 _aIncluye índice de autores.
650 4 _aTeatro español
_93071
650 4 _aLiteratura española
_ySIGLO XVI
_98688
740 3 _aEl gran teatro del mundo
830 0 _aAustral.
_pGris: clásicos ;
_v384
_98199
910 _aWM
049 _aBNGR
999 _c19561
_d19561